000 00655nam a22002537a 4500
001 BD-DhSAU 625
003 BD-DhSAU
005 20150105213712.0
008 150105b xxu||||| |||| 00| 0 eng d
020 _a8179101088
040 _cBD-DhSAU
082 _222
_a632.4
_bSIP
100 _aSingh,R.S.
245 _aPlant diseases /
250 _a5th ed.
260 _aNew delhi :
_bOxford & IBH publishing co.pvt.ltd. ;
_c2005.
300 _axiv, 720 p.:
_bill. ,
_c25 cm.
504 _aIncludes bibliography and index
590 _aIMRAN
650 _aPlant pathology
650 _aPlant diseases
650 _amanagement
700 _aNehra,Sampat
942 _2ddc
_cBOOK
999 _c625
_d625